000
00303nam a2200121Ia 4500
008
180117s9999 xx 000 0 und d
100
_a
by Lou Gopal
245
_a
Take me Back To Ermita
260
_c
2016
300
_a
14-16 pages, 2016 January 24
440
_a
Philippine Panorama
650
_a
ERMITA
999
_c
353336
_d
353336